000 00426nam a2200157Ia 4500
008 100122s9999 xx 000 0 und d
082 _b25658
_a823
100 _aशंकर
245 _aजन-अरण्य
260 _bअमेय प्रकाशन
_c1977
300 _a226
630 _aजन-अरण्य
700 _aशहाणे अशोक
730 _aजन-अरण्य
942 _cBOOK
999 _c412363
_d412360